[Event "4NCL Division 1c"]
[Site "Telford, ENG"]
[Date "2018.05.06"]
[Round "10.17"]
[White "Le Roux, Jean-Pierre"]
[Black "Valdes Escobar, Alvaro"]
[Result "1/2-1/2"]
[WhiteElo "2554"]
[BlackElo "2354"]
[PlyCount "39"]
[EventDate "2018.05.06"]
[WhiteTeam "Guildford 1"]
[BlackTeam "Wood Green HK"]

1. e4 c5 2. Na3 e6 3. Nf3 Nc6 4. c3 d5 5. Bb5 Nge7 6. exd5 Qxd5 7. Nc4 Bd7 8.
O-O Rd8 9. Re1 Ng6 10. Ne3 Qd6 11. Nf5 Qd5 12. Ne3 Qd6 13. d4 cxd4 14. Nf5 Qd5
15. N3xd4 Nxd4 16. Bxd7+ Rxd7 17. Nxd4 Bc5 18. Be3 O-O 19. Qb3 Rfd8 20. h3
1/2-1/2

[Event "4NCL Division 1c"]
[Site "Telford, ENG"]
[Date "2018.05.06"]
[Round "10.36"]
[White "Wadsworth, Matthew J"]
[Black "Dickinson, Tim R"]
[Result "1-0"]
[WhiteElo "2354"]
[BlackElo "2049"]
[PlyCount "93"]
[EventDate "2018.05.06"]
[WhiteTeam "Guildford 2"]
[BlackTeam "Oxford 1"]

1. g3 d5 2. Nf3 Bg4 3. Bg2 e6 4. c4 c6 5. cxd5 exd5 6. d3 Nd7 7. O-O Ngf6 8.
Nc3 Bxf3 9. Bxf3 d4 10. Ne4 Nxe4 11. Bxe4 g6 12. Bd2 Bg7 13. Rc1 O-O 14. Bf3
Qe7 15. Qb3 Rab8 16. Qa4 a6 17. b4 Rfc8 18. Qb3 Qe6 19. Qxe6 fxe6 20. a4 Nb6
21. a5 Nd5 22. Rc4 Rd8 23. Kg2 Rd7 24. e4 Nc7 25. Bg4 Rf7 26. f4 e5 27. f5 Re8
28. Rcc1 Nb5 29. Bd1 Rf6 30. Bb3+ Kf8 31. Bg5 Ke7 32. fxg6 hxg6 33. Rc2 Ref8
34. Rcf2 Nc7 35. h4 Ne6 36. Bxf6+ Rxf6 37. Rxf6 Bxf6 38. Bxe6 Kxe6 39. Kh3 Be7
40. Rb1 Kf6 41. g4 Kg7 42. g5 Bd6 43. Kg4 Be7 44. h5 Bd6 45. h6+ Kg8 46. Rf1
Bxb4 47. Rf6 1-0

[Event "4NCL Division 1c"]
[Site "Telford, ENG"]
[Date "2018.05.06"]
[Round "10.48"]
[White "Bhatia, Kanwal K"]
[Black "Jasinska, Iga"]
[Result "1-0"]
[WhiteElo "2036"]
[BlackElo "985"]
[PlyCount "63"]
[EventDate "2018.05.06"]
[WhiteTeam "Barbican 4NCL 1"]
[BlackTeam "Grantham Sharks 1"]

1. e4 g6 2. d4 Bg7 3. Nc3 d6 4. Bg5 c5 5. Nf3 Nc6 6. dxc5 Bxc3+ 7. bxc3 Qa5 8.
cxd6 Qxc3+ 9. Bd2 Qc5 10. dxe7 Ngxe7 11. Be2 Nb4 12. O-O O-O 13. Bh6 Be6 14.
Qb1 Nec6 15. Qb2 f6 16. Bxf8 Rxf8 17. c3 a5 18. cxb4 axb4 19. Rfd1 Qc3 20. Qxc3
bxc3 21. Rdc1 Nb4 22. Rxc3 Nxa2 23. Rc7 Rf7 24. Rxf7 Bxf7 25. Kf1 f5 26. e5 Nc3
27. Nd4 Nxe2 28. Kxe2 Bc4+ 29. Ke3 b5 30. Rb1 h5 31. Nxb5 Bxb5 32. Rxb5 1-0